| 000 | 00992nam a2200277 i 4500 | ||
|---|---|---|---|
| 001 | 18785 | ||
| 003 | ES-MaACL | ||
| 005 | 20230906151925.0 | ||
| 007 | t| | ||
| 008 | 020314s2000 sp ||||1| spa d | ||
| 020 | _a84-7719-764-4 | ||
| 080 | _a726.6(460.181 L.) | ||
| 080 | _a726.591.3(460.181 L.) | ||
| 100 | 1 |
_aCampos Sánchez-Bordona, María Dolores. _934285 |
|
| 245 | 1 | 3 |
_aEl coro de la Catedral de León : arte, función y símbolo / _cMª Dolores Campos Sánchez-Bordona, Ignacio González-Varas Ibáñez, María Dolores Teijeira Pablos. |
| 260 |
_aLeón : _bUniversidad de León, _c[2000] |
||
| 300 |
_a206 p. : _bil. ; _c30 cm. |
||
| 500 | _aÍndice. | ||
| 504 | _aBibliografía: p. 193-198. | ||
| 610 | 2 | 7 |
_aCatedral de León. _92516 |
| 650 | 1 | 4 |
_aSillerías de coro- _zLeón. _917099 |
| 700 | 1 |
_aGonzález-Varas Ibáñez, Ignacio. _959006 |
|
| 700 | 1 |
_aTeijeira Pablos, María Dolores. _9109518 |
|
| 710 | 2 |
_aUniversidad de León. _97200 |
|
| 852 |
_aES-MaACL _jL-25580 |
||
| 999 |
_c18785 _d18785 |
||